Kỹ thuật an toàn, vệ sinh lao động và phòng chống cháy, nổ trong xây dựng

保存先:
書誌詳細
第一著者: Bùi, Mạnh Hùng
フォーマット: 図書
言語:Undetermined
出版事項: H. KHKT 2004
主題:
タグ: タグ追加
タグなし, このレコードへの初めてのタグを付けませんか!
Thư viện lưu trữ: Trung tâm Học liệu Trường Đại học Cần Thơ
LEADER 00645nam a2200205Ia 4500
001 CTU_87289
008 210402s9999 xx 000 0 und d
020 |c 45000 
082 |a 690.22 
082 |b H513 
100 |a Bùi, Mạnh Hùng 
245 0 |a Kỹ thuật an toàn, vệ sinh lao động và phòng chống cháy, nổ trong xây dựng 
245 0 |c Bùi Mạnh Hùng 
260 |a H. 
260 |b KHKT 
260 |c 2004 
650 |a construction industry,construction industry 
650 |x security measures,safety regulations 
904 |i Minh 
980 |a Trung tâm Học liệu Trường Đại học Cần Thơ